Daňový poriadok - vybrané príklady z prcesu (vymáhanie)
Pokračovanie príspevku z predchádzajúceho čísla. Vybrané problémy vymáhania daní - t.j. daňovej exekúcie.
Enregistré dans:
| Auteur principal: | |
|---|---|
| Format: | Chapitre de livre |
| Langue: | slovaque |
| Sujets: | |
| Tags: |
Pas de tags, Soyez le premier à ajouter un tag!
|
MARC
| LEADER | 00000naa a2200000 4500 | ||
|---|---|---|---|
| 001 | 0185110 | ||
| 005 | 20231207112421.6 | ||
| 041 | 0 | |a slo | |
| 044 | |a SK | ||
| 245 | 1 | 0 | |a Daňový poriadok - vybrané príklady z prcesu (vymáhanie) |c Emil Burák |
| 520 | |a Pokračovanie príspevku z predchádzajúceho čísla. Vybrané problémy vymáhania daní - t.j. daňovej exekúcie. | ||
| 610 | 2 | 0 | |a exekúcia daňová |
| 610 | 2 | 0 | |a poriadok daňový |
| 610 | 2 | 0 | |a úrady daňové |
| 100 | 1 | |a Burák, Emil | |